Waste minimisation in construction (Record no. 105938)

MARC details
000 -LEADER
fixed length control field 00989cam a2200241 4500
001 - CONTROL NUMBER
control field ##L135171
008 - FIXED-LENGTH DATA ELEMENTS--GENERAL INFORMATION
fixed length control field 061003n2001 000 0 eng u
020 ## - INTERNATIONAL STANDARD BOOK NUMBER
International Standard Book Number 0860175553
035 ## - SYSTEM CONTROL NUMBER
System control number (Sirsi) u135171
041 0# - LANGUAGE CODE
Language code of text/sound track or separate title eng
050 04 - LIBRARY OF CONGRESS CALL NUMBER
Classification number 614.76 $2 18
100 1# - MAIN ENTRY--PERSONAL NAME
Personal name Shorter, B.
245 00 - TITLE STATEMENT
Title Waste minimisation in construction
Remainder of title training pack
250 ## - EDITION STATEMENT
Edition statement 2nd ed.
260 ## - PUBLICATION, DISTRIBUTION, ETC.
Place of publication, distribution, etc. London
Name of publisher, distributor, etc. CIRIA
Date of publication, distribution, etc. 2001
300 ## - PHYSICAL DESCRIPTION
Extent 4v.
Other physical details ill.
Dimensions 30cm. +
Accompanying material 1 CD-ROM + 1 video cassette
490 #0 - SERIES STATEMENT
Series statement CIRIA
Volume/sequential designation C555
520 ## - SUMMARY, ETC.
Summary, etc. Aimed at those training construction staff, this pack includes notes for trainer and trainee, CIRIA's publications "Waste minimisation in construction: site guide" (ISBN 0860174824) and "Demonstrating waste minimisation benefits in construction" (ISBN 0860175367), a video and a CD-ROM.
651 #4 - SUBJECT ADDED ENTRY--GEOGRAPHIC NAME
Geographic name United Kingdom
Chronological subdivision
690 ## - LOCAL SUBJECT ADDED ENTRY--TOPICAL TERM (OCLC, RLIN)
Topical term or geographic name as entry element ENVIRONMENTAL AND LAND CONSULTANCY-WASTE MANAGEMENT
710 2# - ADDED ENTRY--CORPORATE NAME
Corporate name or jurisdiction name as entry element Construction Industry Research and Information Association
9 (RLIN) 4810
942 ## - ADDED ENTRY ELEMENTS (KOHA)
Suppress in OPAC 0
Holdings
Withdrawn status Lost status Damaged status Not for loan Home library Current library Shelving location Date acquired Total Checkouts Full call number Barcode Date last seen Copy number Price effective from Koha item type
        London London Books 03/10/2006   CIRIA REPORTS 30072378 10/05/2024 1 06/08/2019 Book